000 00251nam a22001097a 4500
008 170118b xxu||||| |||| 00| 0 eng d
020 _a315199
041 _aeng
080 _a618.2
245 _aMODULES FOR BASIC NURSING SKILLS
_cELLIS
942 _2udc
_cBK
999 _c3130
_d3130